000 00899nam a2200253Ia 4500
003 OSt
005 20220923214410.0
006 a|||||r|||| 00| 0
007 ta
008 220922b |||||||| |||| 00| 0 hin d
024 _a169,422
037 _cTextual
040 _aARTS
_cARTS
_bhin
041 _2hin
_ahin
082 _aO152,1I89:g, L3
100 _aशर्मा, चन्द्रपाल
245 0 _aऋतु-वर्णन परम्परा और सेनापति का काव्य
246 _aṚutu-varṇan paramparā aur senāpati kā kāvya
260 _aदिल्ली
_b पुस्तक प्रचार
_c1973
300 _a256पृ.
_ccm.
650 _aहिन्दी साहित्य
_9156264
942 _hO152,1I89:g, L3
_cTEXL
_2CC
999 _c323843
_d323843